Druhá světová válka Souvislosti a poučení
Uložené v:
| Médium: | Kniha |
|---|---|
| Jazyk: | Czech |
| Vydavateľské údaje: |
Praha
Naše vojsko
1989
|
| Vydanie: | 1. vyd. |
| Edícia: | Štít
Sv.57 |
| Tagy: |
Žiadne tagy, Buďte prvý, kto otaguje tento záznam!
|
MARC
| LEADER | 00000nam a2200000 4500 | ||
|---|---|---|---|
| 001 | c032146 | ||
| 005 | 20240805083227.2 | ||
| 041 | 0 | |a cze | |
| 044 | |a CZ | ||
| 245 | 1 | 0 | |a Druhá světová válka |b Souvislosti a poučení |c [Z rus. prel.] Radovan Pražák |
| 250 | |a 1. vyd. | ||
| 264 | 1 | |a Praha |b Naše vojsko |c 1989 | |
| 300 | |a 154 s. | ||
| 490 | 1 | |a Štít |v Sv.57 | |
| 830 | 0 | |a Štít |v Sv.57 | |